Wer ist das? (5) - Statistiken

Allgemein
  • Dieses Quiz wurde 126 mal gespielt
  • Das Durchschnittsergebnis liegt bei 7 aus 25
Antwortstatistiken
Bildquiz Antwort % Korrekt
Bruno Mars
85%
Kai Havertz
77%
Pink
71%
Ikkimel
52%
Der Kleine Prinz
46%
Horst Seehofer
43%
Mary Poppins
43%
Ingo Zamperoni
36%
Louis Armstrong
32%
Anthony Joshua
28%
Olli Dittrich
28%
Dove Cameron
24%
Randy Marsh
19%
Andrea Kaiser
15%
Sabrina Setlur
15%
Beni Weber
13%
Kate Upton
10%
Cynthia Erivo
8%
Heinrich von Kleist
2%
Thomas Ceccon
2%
Anna Wilken
1%
Jenna Jameson
1%
Moses
1%
Natalie Scharf
1%
Viktor Rossi
0%
Keine übereinstimmenden Quizze gefunden
Verteilung der Resultate
Anzahl Personen mit jedem Resultat
Perzentil nach korrekt beantworteten Fragen
Ihre Resultats-Entwicklung
Sie haben dieses Quiz noch nicht gespielt